Discrimination Stories Exclusion, Law, and Everyday Life /

Detalles Bibliográficos
Autor principal: Sheppard, Colleen
Formato: eBook
Lenguaje:inglés
Publicado: Toronto: Irwin Law Inc., 2021
Colección:Irwin Books
Materias:
Acceso en línea:Acceso restringido

MARC

LEADER 00000nam a22000007a 4500
005 20211125213417.0
007 cr|||| ||||
008 211125s2021 ca |||||s|||| 00||0 eng d
020 |a 9781552215388 
035 |a 35723 
040 |a vLex 
090 |c 12694  |d 12694 
100 1 |a Sheppard, Colleen 
245 1 0 |a Discrimination Stories  |h [Recurso electrn̤ico] :  |b Exclusion, Law, and Everyday Life /  |c Colleen Sheppard 
256 |a Servicio en ln̕ea 
260 |a Toronto:  |b Irwin Law Inc.,  |c 2021 
300 |a 1 recurso electrn̤ico 
490 0 |a Irwin Books 
500 |a Despite growing societal and media attention to problems of discrimination in Canadian society, legal concepts in equality and anti-discrimination law are not widely understood. Discrimination Stories: Exclusion, Law, and Everyday Life explores diverse legal cases brought before courts and human rights tribunals to help us understand the development of anti-discrimination law in Canada. The cases take us into — and teach us about — the concrete realities of inequality in everyday life. They portray the struggles of individuals, families, and communities seeking justice and legal remedies for the harms of discrimination. The cases also reveal both the strengths and limits of anti-discrimination law. They show that equality in our human relations cannot be crafted exclusively by courts or tribunals, despite their significance and importance. Drawing on the complexity and power of discrimination stories, this book is designed to expand our collective knowledge of the evolving legal concepts at the heart of equality law. 
506 1 |a Disponible solo en los productos indicados  |d vLex Global  |d vLex Global (Academic Edition, excluding Law Schools)  |d vLex Global (U.S. Academic Edition, Law Schools)  |d vLex Global (U.S. Academic Edition, excluding Law Schools)  |d vLex Global (Academic Edition, Law Schools) 
650 0 4 |a Derecho Constitucional  |z Canad̀ 
740 0 |a vLex Libros (Servicio en ln̕ea) 
856 4 0 |u https://app.vlex.com/#/sources/35723  |z Acceso restringido 
942 |c BOOK 
999 0 |a Constitutional right